| 000 | 00959cam a22002291 4500 | ||
|---|---|---|---|
| 001 | sa 67000250 | ||
| 003 | DLC | ||
| 005 | 20260227112313.0 | ||
| 008 | 790608m19651974ii 00000 eng | ||
| 010 | _asa 67000250 //r852 | ||
| 025 | _aPL480:I-E-6457 | ||
| 043 | _aa-ii--- | ||
| 050 | 0 |
_aDS485.A55 _bV43 |
|
| 082 | _a954/.84 | ||
| 100 | 1 | 0 |
_aVenkatarangaiya, Mamidipudi, _d1889- _eed. |
| 245 | 1 | 4 |
_aThe freedom struggle in Andhra Pradesh (Andhra) _cEdited by M. Venkatarangaiya. |
| 260 | 0 |
_a[Hyderabad] _bAndhra Pradesh State Committee Appointed for the Compilation of a History of the Freedom Struggle in Andhra Pradesh (Andhra) _c1965-74. |
|
| 300 |
_a4 v. _c25 cm. |
||
| 505 | 0 | _av. 1. 1800-1905--v. 2. 1906-1920.--v. 3.--1921-1931 A.D.--v. 4. 1932-1947. | |
| 651 | 0 |
_aAndhra Pradesh (India) _xPolitics and government. |
|
| 710 | 1 | 0 |
_aAndhra Pradesh (India). _bState Committee for the Compilation of the History of the Freedom Struggle in Andhra Pradesh. |
| 999 |
_c71852 _d71852 |
||